000 00449nam a22001697a 4500
003 NUST - PNEC
005 20170116180857.0
008 150831b xxu||||| |||| 00| 0 eng d
020 _a-
040 _cLIBRARY
082 _a620.1 HUG
100 _96095
_aHughes, William F.
245 _aBasic equations of engineering science
_cWilliam F. Hughes
260 _aNew York:
_cc1964.
650 _96097
_aEngineering, equations
_xME
942 _2ddc
_cBK
999 _c64853
_d64853